| 000 | 00653nam a2200253Ia 4500 | ||
|---|---|---|---|
| 003 | OSt | ||
| 005 | 20220912150902.0 | ||
| 006 | a|||||r|||| 00| 0 | ||
| 007 | ta | ||
| 008 | 220909b |||||||| |||| 00| 0 eng d | ||
| 024 | _a60211 | ||
| 037 | _cTextual | ||
| 040 |
_aCSL _beng _cCSL |
||
| 041 | _aeng | ||
| 082 | _aAoaY, L8 | ||
| 100 | _aPulparampil John | ||
| 245 | 0 | _aScience and society | |
| 260 |
_aDelhi _bConcept Publishing Company _c1978 |
||
| 300 |
_axi,209p. _ccm. |
||
| 500 | _aBibliography 187-203p | ||
| 650 | _aScience and society | ||
| 942 |
_hAoaY, L8 _cTEXL _2CC |
||
| 999 |
_c56845 _d56845 |
||